00337nam a2200121Ia 4500008004100000041000800041082001400049100001800063245004500081260005400126300002400180365001100204240624s9999 xx 000 0 und d aeng a658.5 LEL aLELE MILIND M aMONOPOLY RULES HOW TO FIND CAPTURE AND C c2006aNew DelhibKogan Page India Private limited a223 : p. : cm. ; 21 cRSb33